| 000 | 00746nam a2200265 a 4500 | ||
|---|---|---|---|
| 001 | 26419 | ||
| 003 | BD-RjUL | ||
| 005 | 20211209051021.0 | ||
| 008 | 140322r19481924enk b 001 0 eng d | ||
| 035 | _a(BD-RjUL)26489 | ||
| 040 |
_aUKM _cUKM _dNGU _dDLC _dBD-RjUL _beng |
||
| 041 | _aeng | ||
| 082 | 0 | 0 |
_a289.6092 _221 _bFOJ 1948 |
| 100 | 1 |
_aFox, George, _d1624-1691. _981228 |
|
| 245 | 1 | 4 |
_aThe journal / _cGeorge Fox. |
| 260 |
_aLondon ; _bDent, _c1948. |
||
| 300 |
_axxii, 359 p. ; _c20 cm. |
||
| 504 | _aIncludes indexes. | ||
| 600 | 1 | 0 |
_aFox, George, _d1624-1691. _981235 |
| 700 | 1 |
_aSmith, Nigel, _d1958- _981231 |
|
| 942 |
_2ddc _cBK |
||
| 999 |
_c26419 _d26419 |
||